| 000 | 01816nam a22002897a 4500 | ||
|---|---|---|---|
| 999 |
_c21897 _d21897 |
||
| 003 | AR-CdUCM | ||
| 008 | 190425b ||||| |||| 00| 0 spa d | ||
| 040 |
_aMUNICIPALIDAD PROVINCIAL DEL CUSCO _cBIBLIOTECA MUNICIPAL DEL CUSCO |
||
| 082 | _aRev.DIMA/N°2/1937 | ||
| 110 |
_aInstituto Arqueológico del Cuzco _930920 |
||
| 245 |
_aRevista del Instituto Arqueológico / _cLuis A. Pardo, director, Universidad Nacional del Cusco |
||
| 260 |
_aCusco : _bH.G. Rozas, _c1937. |
||
| 300 |
_a98 páginas. : _c21 cm. |
||
| 440 |
_aRevista del Instituto Arqueológico. _nAño II, primer semestre, 1937. N°2. _946727 |
||
| 505 | _aContenido: Arqueología. -- Exposición de las ruinas del Santuario de Huiraccocha. Luis A. Pardo. -- Crónicas de Chumbivilcas apuntes de mi diario de viaje. Luis Márquez Eyzaguirre. -- Historia. -- Doña Leonor de Soto. Juan A. Casanova. -- El Congreso Confederal de 1837. Julián Santisteban Ochoa. -- Imprescriptibles títulos de los Derechos del Perú a las regiones territoriales que nos disputa la vecina República del Ecuador. Ambrosio Morales. -- El Chasqui. Maximiliano Rendón. -- Ruindad del compadre. Ángel Carreño. -- Antropología. -- Notas sobre la Antropología. Víctor M. Pilares Polo. -- Filología. -- Aportes para una gramática cjeswa. S. Astete Ch. -- Arte. -- La música en el Perú y el maestro Alberto Villalba Muñiz. S. Astete Ch. | ||
| 650 |
_aArqueología cusqueña _99322 |
||
| 650 |
_aArquitectura Inka _945226 |
||
| 650 |
_aInkas _91899 |
||
| 650 |
_aConfederación Perú boliviana _929846 |
||
| 650 |
_aRaqchi _945892 |
||
| 650 |
_aCentros arqueológicos _93230 |
||
| 700 |
_aPardo, Luis A _925736 |
||
| 700 |
_aCarreño, Ángel _927901 |
||
| 710 |
_aUniversidad Nacional de San Antonio Abad del Cusco _915942 |
||
| 942 |
_2ddc _cPP |
||
| 945 | _arac | ||